[Event "Sparkassen-Open J"]
[Site "Heusenstamm, Martinsee"]
[Date "2023.11.26"]
[Round "6.12"]
[White "Nguyen, Minh Anh"]
[Black "Sautner, Sascha"]
[Result "0-1"]
[WhiteElo "919"]
[BlackElo "1219"]
[PlyCount "116"]
[EventDate "2023.??.??"]
[WhiteTeam "SV 1920 Hofheim"]
[BlackTeam "SK 1912 Ludwigshafen"]

1. d4 d5 2. Bf4 Nf6 3. e3 Bf5 4. Nf3 e6 5. Nbd2 Bd6 6. Bg3 O-O 7. c3 c5 8. Ne5 Nfd7 9. Ndf3 Nxe5 10. dxe5 Bc7 11. Bd3 Bg4 12. h3 Bh5 13. Qc2 Bg6 14. Bxg6 hxg6 15. h4 Nc6 16. h5 gxh5 17. Rxh5 g6 18. Rh3 Qd7 19. O-O-O Kg7 20. Rdh1 Rh8 21. Ng5 Rxh3 22. Rxh3 Rh8 23. Rxh8 Kxh8 24. f4 Qe8 25. Qd1 Kg7 26. Qh1 Kf8 27. Nh7+ Kg7 28. Nf6 Qh8 29. Qxh8+ Kxh8 30. Kd2 Na5 31. b3 c4 32. b4 Nc6 33. Bh4 Bd8 34. g4 b5 35. g5 a5 36. a3 axb4 37. axb4 Bxf6 38. gxf6 Kh7 39. Bg5 Kg8 40. Bh6 Kh7 41. Bg7 g5 42. fxg5 Kg6 43. Bh6 Nxe5 44. Ke2 Ng4 45. Kf3 Nxh6 46. gxh6 e5 47. Kg4 Kxh6 48. Kf5 d4 49. Kxe5 d3 50. Kd6 d2 51. Ke7 Kg6 52. e4 d1=Q 53. e5 Qe1 54. Kf8 Kf5 55. e6 Kxf6 56. exf7 Qe7+ 57. Kg8 Qxf7+ 58. Kh8 Qg7# 0-1

[Event "Sparkassen-Open J"]
[Site "Heusenstamm, Martinsee"]
[Date "2023.11.26"]
[Round "6.13"]
[White "Wolf, Aurelia"]
[Black "Milman, Sophie"]
[Result "0-1"]
[WhiteElo "894"]
[BlackElo "1184"]
[PlyCount "120"]
[EventDate "2023.??.??"]
[WhiteTeam "SK Bad Homburg 1927"]
[BlackTeam "VSG 1880 Offenbach"]

1. e4 e5 2. Nf3 Nc6 3. Bc4 Bc5 4. c3 Nf6 5. d4 exd4 6. cxd4 Bb4+ 7. Nbd2 Nxe4 8. d5 Ne7 9. O-O Bxd2 10. Bxd2 Nxd2 11. Qxd2 d6 12. Rfe1 O-O 13. Re2 Ng6 14. h3 Bd7 15. Rae1 Qf6 16. Qb4 Rab8 17. Qa5 Rfc8 18. Qxa7 h6 19. Rc2 c6 20. dxc6 Bxc6 21. Rd2 Ra8 22. Qe3 Re8 23. Qd4 Qxd4 24. Rxd4 Rxe1+ 25. Nxe1 Re8 26. Nd3 Re4 27. Rxe4 Bxe4 28. Nb4 Kf8 29. a4 Ne5 30. Bd5 Bxd5 31. Nxd5 Ke8 32. b4 Kd7 33. b5 Nc4 34. Kf1 Ke6 35. Ne3 Nxe3+ 36. fxe3 Kd5 37. a5 Kc5 38. a6 bxa6 39. bxa6 Kb6 40. Ke2 Kxa6 41. Kd3 Kb6 42. Kd4 Kc6 43. Kc4 f5 44. g4 fxg4 45. hxg4 g6 46. Kd4 h5 47. Ke4 hxg4 48. Kf4 Kd5 49. e4+ Kd4 50. e5 dxe5+ 51. Kxg4 e4 52. Kf4 e3 53. Kg5 e2 54. Kxg6 e1=Q 55. Kf7 Kd5 56. Kf8 Qe6 57. Kg7 Ke5 58. Kh8 Qe7 59. Kg8 Kf6 60. Kh8 Qg7# 0-1

[Event "Sparkassen-Open J"]
[Site "Heusenstamm, Martinsee"]
[Date "2023.11.26"]
[Round "6.15"]
[White "Filis, Leon"]
[Black "Vasudevan, Krish"]
[Result "0-1"]
[WhiteElo "1205"]
[BlackElo "1055"]
[PlyCount "126"]
[EventDate "2023.??.??"]
[WhiteTeam "SV 1920 Hofheim"]
[BlackTeam "SAbt TuS Makkabi Ffm"]

1. d4 g6 2. Nc3 Bg7 3. e4 e6 4. Bf4 Ne7 5. Qd2 d5 6. e5 Nbc6 7. O-O-O a5 8. Bh6 O-O 9. h4 Nf5 10. Bxg7 Kxg7 11. Nf3 Rb8 12. g4 Nh6 13. Qf4 f5 14. gxf5 Rxf5 15. Qg3 Bd7 16. h5 Be8 17. hxg6 Bxg6 18. Bd3 Rf8 19. Rhg1 Ne7 20. Nh4 Qe8 21. Bxg6 Nxg6 22. Nxg6 hxg6 23. Rg2 Rh8 24. Rh1 Qf7 25. Qg5 Qf5 26. Qxf5 Nxf5 27. Rxh8 Rxh8 28. Ne2 Nh4 29. Rh2 Nf3 30. Rxh8 Kxh8 31. c3 g5 32. a3 a4 33. Nf4 Kh7 34. Nxe6 c6 35. Kd1 Kg6 36. Nc5 g4 37. Ke2 Ng1+ 38. Ke3 Nh3 39. Nd3 Kf5 40. f3 g3 41. Ne1 Nf4 42. Kd2 g2 43. Nxg2 Nxg2 44. Ke2 Nf4+ 45. Ke3 Ng2+ 46. Kf2 Nf4 47. Ke3 Ng6 48. Ke2 Ne7 49. Ke3 Nc8 50. Ke2 Nb6 51. Ke3 Nc4+ 52. Ke2 Nxb2 53. Ke3 Nc4+ 54. Ke2 Nxa3 55. Ke3 Nb1 56. Ke2 a3 57. Ke3 a2 58. Ke2 a1=Q 59. Ke3 Qxc3+ 60. Ke2 Qd2+ 61. Kf1 Kf4 62. Kg1 Kg3 63. Kh1 Qh2# 0-1

[Event "Sparkassen-Open J"]
[Site "Heusenstamm, Martinsee"]
[Date "2023.11.26"]
[Round "6.16"]
[White "Vasudevan, Ananya"]
[Black "Kondhare, Aaryaman"]
[Result "1/2-1/2"]
[WhiteElo "1126"]
[BlackElo "915"]
[PlyCount "103"]
[EventDate "2023.??.??"]
[WhiteTeam "SK Langen"]
[BlackTeam "Wiesbadener SV 1885"]

1. d4 d5 2. Nc3 Nf6 3. Bf4 c5 4. Nf3 cxd4 5. Nxd4 e6 6. a3 a6 7. Bg5 Be7 8. e3 O-O 9. Bd3 h6 10. Bf4 Nbd7 11. O-O e5 12. Nde2 exf4 13. Nxf4 Ne5 14. Nfxd5 Nxd5 15. Nxd5 Nxd3 16. Qxd3 Be6 17. Nxe7+ Qxe7 18. Qe4 Qf6 19. Qxb7 Rab8 20. Qxa6 Rxb2 21. Rfc1 Rxc2 22. Rf1 Bc4 23. Qxf6 gxf6 24. Rfd1 Be2 25. Rdb1 Rd8 26. h3 Rcd2 27. a4 Rd1+ 28. Rxd1 Rxd1+ 29. Rxd1 Bxd1 30. a5 Be2 31. Kh2 Kf8 32. Kg3 Kg7 33. Kf4 Bd3 34. g4 Kg6 35. h4 h5 36. f3 f5 37. gxh5+ Kxh5 38. Kg3 f6 39. Kh3 Be2 40. Kg3 Bd3 41. Kf4 Kg6 42. e4 fxe4 43. fxe4 Kh5 44. Kf5 Kxh4 45. Kf4 Kh5 46. Ke3 Bb5 47. Kf4 Bd3 48. Ke3 Bb5 49. Kd4 Kg6 50. Kd5 Kf7 51. e5 fxe5 52. Kxe5 1/2-1/2

[Event "Sparkassen-Open J"]
[Site "Heusenstamm, Martinsee"]
[Date "2023.11.26"]
[Round "6.17"]
[White "Xu, Dorothea Sicheng"]
[Black "Wolf, Adam"]
[Result "0-1"]
[WhiteElo "1051"]
[BlackElo "1144"]
[PlyCount "64"]
[EventDate "2023.??.??"]
[WhiteTeam "SK Bad Homburg 1927"]
[BlackTeam "Vorw.Orient Mainz"]

1. e4 c6 2. d4 d5 3. Nc3 dxe4 4. Nxe4 Bf5 5. Nc3 Nf6 6. Nf3 e6 7. Bd3 Bg4 8. h3 Bxf3 9. Qxf3 Qxd4 10. O-O Be7 11. Re1 Nbd7 12. Be3 Qd6 13. Rad1 Qc7 14. Ne4 Ne5 15. Qf4 Nd5 16. Qg3 Ng6 17. Qf3 O-O 18. Bd4 e5 19. Bc5 Bxc5 20. Nxc5 b6 21. Nb3 Ndf4 22. Be4 Ne7 23. Rd2 Rad8 24. Red1 Rxd2 25. Rxd2 c5 26. c4 Rd8 27. Rxd8+ Qxd8 28. Nc1 Qd2 29. Qd3 Qxc1+ 30. Qf1 Ne2+ 31. Kh1 Qxf1+ 32. Kh2 Qg1# 0-1

[Event "Sparkassen-Open J"]
[Site "Heusenstamm, Martinsee"]
[Date "2023.11.26"]
[Round "6.18"]
[White "Kostadinov, Emanuel"]
[Black "Lenhard, Robert"]
[Result "1-0"]
[WhiteElo "1140"]
[BlackElo "1013"]
[PlyCount "103"]
[EventDate "2023.??.??"]
[WhiteTeam "Sfr.1932 Kelkheim"]
[BlackTeam "SV 1920 Hofheim"]

1. e4 e5 2. Nf3 Nc6 3. Bc4 Bc5 4. b4 Bxb4 5. c3 Ba5 6. d4 d6 7. dxe5 dxe5 8. Qxd8+ Nxd8 9. Nxe5 Ne6 10. f4 Nf6 11. f5 Nd8 12. Ba3 Nd7 13. Nf3 Nb6 14. Bb3 Bd7 15. O-O Ba4 16. Nd4 Bxb3 17. axb3 Nd7 18. c4 a6 19. c5 c6 20. Nf3 O-O 21. Rd1 Nb8 22. b4 Bc7 23. Bb2 f6 24. Nd4 Be5 25. Na3 Nf7 26. Nc4 Bxd4+ 27. Rxd4 Rd8 28. Rad1 Rxd4 29. Rxd4 Ne5 30. Rd8+ Kf7 31. Bxe5 fxe5 32. Nb6 Ke7 33. Rh8 Ra7 34. Rxb8 a5 35. Nc8+ Kd7 36. Nxa7 Kc7 37. Rc8+ Kd7 38. bxa5 g6 39. Rh8 Ke7 40. Rxh7+ Kf6 41. Rh6 Kg5 42. Rxg6+ Kf4 43. Nxc6 bxc6 44. a6 Ke3 45. f6 Ke2 46. f7 Ke3 47. f8=Q Kd4 48. Qf2+ Kc4 49. a7 Kb5 50. a8=Q Kc4 51. Qa4+ Kc3 52. Rg3# 1-0

[Event "Sparkassen-Open J"]
[Site "Heusenstamm, Martinsee"]
[Date "2023.11.26"]
[Round "6.19"]
[White "Ninnemann, Patrick"]
[Black "Zhang, Mairui"]
[Result "1/2-1/2"]
[WhiteElo "1021"]
[BlackElo "898"]
[PlyCount "81"]
[EventDate "2023.??.??"]
[WhiteTeam "Chess Tigers Schach-Förderverein"]
[BlackTeam "Sfr.Mainz 1928"]

1. e4 e6 2. d4 d5 3. e5 c5 4. c3 Nc6 5. Nf3 Qb6 6. Be3 Qxb2 7. Nbd2 Qxc3 8. Bb5 Nge7 9. dxc5 Bd7 10. O-O a6 11. Bxc6 Nxc6 12. Bd4 Nxd4 13. Nxd4 Qxd4 14. Nf3 Qxd1 15. Rfxd1 Bxc5 16. Rab1 Ba4 17. Rdc1 b6 18. Ne1 O-O 19. Nd3 Bd4 20. Rb4 Bxe5 21. Rxa4 b5 22. Ra3 Bd6 23. Rac3 f5 24. Rc6 Ba3 25. R1c2 Rfe8 26. Nf4 e5 27. Nxd5 Red8 28. Ne3 f4 29. Nf1 Rd6 30. h3 Rxc6 31. Rxc6 a5 32. Re6 Bb2 33. g3 fxg3 34. Nxg3 a4 35. Rb6 Ra5 36. Ne4 Bd4 37. Rb8+ Kf7 38. Nd6+ Kg6 39. Nxb5 Ra6 40. Nxd4 exd4 41. Rd8 1/2-1/2

[Event "Sparkassen-Open J"]
[Site "Heusenstamm, Martinsee"]
[Date "2023.11.26"]
[Round "6.20"]
[White "Chen, Lilly"]
[Black "Schwab, Florentin"]
[Result "1/2-1/2"]
[WhiteElo "1370"]
[BlackElo "1024"]
[PlyCount "55"]
[EventDate "2023.??.??"]
[WhiteTeam "Sfr Stiller Zug Wiesbaden"]
[BlackTeam "SC Aschaffenburg e.V."]

1. Nf3 c5 2. c4 d6 3. e3 b6 4. Be2 g6 5. O-O Bg7 6. Nc3 Nf6 7. b3 Bb7 8. Bb2 Ne4 9. d4 Nxc3 10. Bxc3 O-O 11. Rc1 Nd7 12. dxc5 dxc5 13. Bxg7 Kxg7 14. h3 Nf6 15. Qxd8 Rfxd8 16. Rcd1 Ne4 17. Rxd8 Rxd8 18. Ra1 f6 19. a3 a6 20. b4 cxb4 21. axb4 Kh6 22. Nd4 e5 23. Nb3 Kg7 24. c5 bxc5 25. bxc5 Rc8 26. Bxa6 Bxa6 27. Rxa6 Nxc5 28. Nxc5 1/2-1/2

[Event "Sparkassen-Open J"]
[Site "Heusenstamm, Martinsee"]
[Date "2023.11.26"]
[Round "6.21"]
[White "Li, Leo Jiayi"]
[Black "Kollmer, Otto"]
[Result "0-1"]
[WhiteElo "1227"]
[BlackElo "981"]
[PlyCount "114"]
[EventDate "2023.??.??"]
[WhiteTeam "SV Oberursel"]
[BlackTeam "VSG 1880 Offenbach"]

1. e4 e5 2. Nf3 Nc6 3. Nc3 Nf6 4. d4 exd4 5. Nxd4 Bb4 6. Nxc6 bxc6 7. Qd4 Bxc3+ 8. Qxc3 O-O 9. Bd3 Bb7 10. O-O d5 11. exd5 cxd5 12. Bg5 d4 13. Qb4 Rb8 14. Qa3 Qd5 15. f3 Qxg5 16. Qxa7 Qe3+ 17. Rf2 Nd5 18. Kf1 Nf4 19. Re1 Ne2 20. Rexe2 Qf4 21. Kg1 Bc6 22. Be4 Bb5 23. Rd2 Qe3 24. h3 c6 25. Qxd4 Qe1+ 26. Kh2 h6 27. Rd1 Qa5 28. Bd3 Bxd3 29. Rxd3 Rbd8 30. Qe4 Qc7+ 31. g3 Rfe8 32. Rxd8 Qxd8 33. Qb4 Qd1 34. g4 Re1 35. Kg3 Rg1+ 36. Rg2 c5 37. Qxc5 Qe1+ 38. Qf2 Qe5+ 39. f4 Rxg2+ 40. Kxg2 Qxb2 41. c4 Qb7+ 42. Qf3 Qb2+ 43. Qf2 Qb7+ 44. Kg3 Qe4 45. c5 Qd3+ 46. Qf3 Qd4 47. c6 Qg1+ 48. Qg2 Qe3+ 49. Qf3 Qg1+ 50. Kh4 Qe1+ 51. Qg3 g5+ 52. fxg5 hxg5+ 53. Kxg5 Qxg3 54. Kf6 Qd6+ 55. Kg5 Qxc6 56. h4 Kg7 57. h5 Qf6# 0-1

[Event "Sparkassen-Open J"]
[Site "Heusenstamm, Martinsee"]
[Date "2023.11.26"]
[Round "6.22"]
[White "Biallas, Flynn"]
[Black "Faisz, David"]
[Result "1/2-1/2"]
[WhiteElo "988"]
[BlackElo "1161"]
[PlyCount "62"]
[EventDate "2023.??.??"]
[WhiteTeam "SK Marburg 1931/72"]
[BlackTeam "SK 1926 Ettlingen"]

1. e4 e6 2. d4 d5 3. e5 c5 4. c3 Nc6 5. Bb5 Bd7 6. Nf3 Qb6 7. Qb3 c4 8. Qa4 a6 9. Bxc6 Bxc6 10. Qc2 f6 11. Bf4 g5 12. Bg3 g4 13. Nh4 f5 14. f3 O-O-O 15. fxg4 fxg4 16. Rf1 Be7 17. b4 a5 18. a3 a4 19. Qd2 Qc7 20. Qf4 Rf8 21. Qxg4 Rxf1+ 22. Kxf1 Bd7 23. Qg7 Qd8 24. Qxh8 Bxh4 25. Bxh4 Qxh4 26. Qxg8+ Kc7 27. Qg3 Qe4 28. Qf3 Qc2 29. Qe2 Qc1+ 30. Kf2 Qf4+ 31. Ke1 Qc1+ 1/2-1/2

[Event "Sparkassen-Open J"]
[Site "Heusenstamm, Martinsee"]
[Date "2023.11.26"]
[Round "6.23"]
[White "Kanagaraj, Aarav"]
[Black "Glavev, Victor"]
[Result "0-1"]
[WhiteElo "966"]
[BlackElo "1139"]
[PlyCount "22"]
[EventDate "2023.??.??"]
[WhiteTeam "TSV Schott Mainz"]
[BlackTeam "SK Bad Homburg 1927"]

1. e4 e5 2. Nf3 Nc6 3. Bc4 Bc5 4. d3 h6 5. O-O d6 6. Nc3 Bg4 7. a3 Nd4 8. b4 Nxf3+ 9. gxf3 Bh3 10. Re1 Qf6 11. bxc5 Qg6+ 0-1

[Event "Sparkassen-Open J"]
[Site "Heusenstamm, Martinsee"]
[Date "2023.11.26"]
[Round "6.24"]
[White "Paul, Jenna"]
[Black "Dorfner, Georg"]
[Result "0-1"]
[WhiteElo "930"]
[BlackElo "1084"]
[PlyCount "110"]
[EventDate "2023.??.??"]
[WhiteTeam "TV-Großostheim 1900 e.V."]
[BlackTeam "TV-Großostheim 1900 e.V."]

1. e4 e6 2. d4 d5 3. e5 Nc6 4. Nf3 f6 5. exf6 Nxf6 6. Bg5 h6 7. Bf4 Bd6 8. Bg3 Qe7 9. Bb5 Bd7 10. O-O a6 11. Bxc6 Bxc6 12. Nc3 O-O-O 13. Re1 g5 14. a4 Rdg8 15. Rb1 a5 16. h3 h5 17. Qe2 Bd7 18. Nb5 Bxg3 19. fxg3 c6 20. Nc3 g4 21. Ne5 gxh3 22. Kh2 hxg2 23. Nxd7 Kxd7 24. Kxg2 Rg7 25. Rh1 Rhg8 26. Rh3 Qd6 27. Qf3 Nh7 28. Ne2 Ng5 29. Qxh5 Nxh3 30. Qxh3 Qe7 31. Nf4 Qf7 32. Nh5 Rh7 33. Nf6+ Qxf6 34. Qxh7+ Rg7 35. Qh3 Qg6 36. Rc1 Rh7 37. Rh1 Rxh3 38. Rxh3 Qxc2+ 39. Kf3 Qe4+ 40. Kf2 Qxd4+ 41. Kf3 Qe4+ 42. Kf2 Qxa4 43. Rh7+ Kd6 44. Rh4 Qc2+ 45. Kf3 Qxb2 46. g4 Qf6+ 47. Kg3 a4 48. Rh5 a3 49. g5 Qf5 50. Kh4 a2 51. Kg3 a1=Q 52. Kg2 Qg4+ 53. Kf2 Qxh5 54. Kg2 Qg4+ 55. Kh2 Qag1# 0-1

[Event "Sparkassen-Open J"]
[Site "Heusenstamm, Martinsee"]
[Date "2023.11.26"]
[Round "6.25"]
[White "Giegerich, Lenn Valentin"]
[Black "Schwab, Berenike"]
[Result "1-0"]
[WhiteElo "1064"]
[BlackElo "859"]
[PlyCount "91"]
[EventDate "2023.??.??"]
[WhiteTeam "SC Aschaffenburg e.V."]
[BlackTeam "SC Aschaffenburg e.V."]

1. e4 e5 2. Nf3 Nc6 3. d4 exd4 4. c3 Nf6 5. cxd4 Bb4+ 6. Bd2 Bxd2+ 7. Qxd2 d6 8. Nc3 Bg4 9. Be2 O-O 10. h3 Bh5 11. O-O Re8 12. Qe3 d5 13. Nd2 Bg6 14. Bd3 Qd7 15. Rae1 Re7 16. f4 Rae8 17. e5 Bxd3 18. Qxd3 Nh5 19. Qf3 g6 20. Nxd5 Re6 21. g4 Ng7 22. Nf6+ Rxf6 23. exf6 Ne6 24. d5 Ncd4 25. Qd3 Nb5 26. f5 Nc5 27. Rxe8+ Qxe8 28. Qg3 Qe2 29. Re1 Qxe1+ 30. Qxe1 h5 31. gxh5 gxh5 32. Qg3+ Kf8 33. Qg7+ Ke8 34. Nf3 Kd7 35. Ng5 Kd6 36. Qxf7 Nd7 37. Qe6+ Kc5 38. Ne4+ Kc4 39. d6+ Kb4 40. Qb3+ Ka5 41. a4 a6 42. axb5 cxd6 43. Nxd6 Kb6 44. bxa6+ Kxa6 45. Qb5+ Ka7 46. Qxb7# 1-0

[Event "Sparkassen-Open J"]
[Site "Heusenstamm, Martinsee"]
[Date "2023.11.26"]
[Round "6.26"]
[White "Luan, Elena"]
[Black "Pagnozzi, Luca"]
[Result "1-0"]
[WhiteElo "1026"]
[BlackElo "901"]
[PlyCount "53"]
[EventDate "2023.??.??"]
[WhiteTeam "SV Oberursel"]
[BlackTeam "SV 1920 Hofheim"]

1. e4 e5 2. Nc3 Nf6 3. f4 d6 4. Nf3 Nc6 5. Bb5 Bd7 6. d3 g6 7. O-O Bg7 8. Bc4 O-O 9. Qe2 Bg4 10. h3 Bxf3 11. Qxf3 Nd4 12. Qf2 Qe7 13. Be3 Nc6 14. f5 Qd7 15. fxg6 hxg6 16. Qh4 Qe7 17. Rf3 Nd7 18. Bg5 Qe8 19. Raf1 Nd8 20. Rg3 Ne6 21. Bh6 Nf4 22. Rf2 Nh5 23. Rg4 Bxh6 24. Qxh5 Bg7 25. Qg5 Qd8 26. Qxg6 c6 27. Qxg7# 1-0

[Event "Sparkassen-Open J"]
[Site "Heusenstamm, Martinsee"]
[Date "2023.11.26"]
[Round "6.28"]
[White "Schmidt, Hannes Jakob"]
[Black "Kollmer, Karla"]
[Result "0-1"]
[WhiteElo "900"]
[BlackElo "850"]
[PlyCount "25"]
[EventDate "2023.??.??"]
[WhiteTeam "Sport Union Annen e. V."]
[BlackTeam "VSG 1880 Offenbach"]

1. e4 e5 2. Nc3 Nf6 3. f4 d6 4. d4 exd4 5. Qxd4 Nc6 6. Qd3 Bg4 7. Nf3 Qd7 8. Be3 O-O-O 9. O-O-O g5 10. h3 Be6 11. g4 h6 12. f5 Nb4 13. fxe6 0-1

[Event "Sparkassen-Open J"]
[Site "Heusenstamm, Martinsee"]
[Date "2023.11.26"]
[Round "6.32"]
[White "Selvaraj, Vibhaakar"]
[Black "Gadela, Kundana"]
[Result "1/2-1/2"]
[WhiteElo "748"]
[BlackElo "799"]
[PlyCount "80"]
[EventDate "2023.??.??"]
[WhiteTeam "VSG 1880 Offenbach"]
[BlackTeam "SV 1920 Hofheim"]

1. e4 g6 2. Nf3 Bg7 3. Ng5 Nh6 4. Bc4 O-O 5. d3 c5 6. Bd2 Bxb2 7. Nc3 Bxa1 8. Qxa1 Nc6 9. Bb5 Nd4 10. Ba4 e5 11. Qd1 d6 12. O-O Ng4 13. Qe1 h6 14. Nh3 Qh4 15. f3 Nxf3+ 16. gxf3 Qxh3 17. Qg3 Qxh2+ 18. Qxh2 Nxh2 19. Kxh2 f5 20. exf5 gxf5 21. Rg1+ Kf7 22. Bxh6 Rg8 23. Bb3+ Be6 24. Be3 Rh8+ 25. Kg2 Rag8+ 26. Kf2 Rh2+ 27. Kf1 Rgh8 28. Nb5 f4 29. Rg2 Rh1+ 30. Bg1 d5 31. Nxa7 c4 32. dxc4 dxc4 33. Ba4 Rd8 34. Ke2 Bh3 35. Rg5 e4 36. fxe4 Be6 37. Kf3 Rh4 38. Bf2 Rh3+ 39. Kxf4 Kf6 40. e5+ Kf7 1/2-1/2

[Event "Sparkassen-Open J"]
[Site "Heusenstamm, Martinsee"]
[Date "2023.11.26"]
[Round "7.1"]
[White "Müller, Konstantin"]
[Black "Nain, Medhansh"]
[Result "1-0"]
[WhiteElo "1614"]
[BlackElo "1283"]
[PlyCount "69"]
[EventDate "2023.??.??"]
[WhiteTeam "SK Münster 32 e. V."]
[BlackTeam "SK Bickenbach"]

1. d4 Nf6 2. c4 g6 3. Nc3 Bg7 4. e4 d6 5. f3 O-O 6. Bf4 Nbd7 7. Qd2 e5 8. Be3 Ne8 9. g4 exd4 10. Bxd4 Ne5 11. Be2 Nf6 12. O-O-O Be6 13. Nd5 c6 14. Nxf6+ Bxf6 15. b3 Qe7 16. Be3 Rfd8 17. g5 Bg7 18. f4 Ng4 19. Bd4 Bxd4 20. Qxd4 c5 21. Qd3 Nf2 22. Qf3 Nxh1 23. h4 Bg4 24. Qxh1 Bxe2 25. Nxe2 Re8 26. Nc3 Kg7 27. Re1 f5 28. Nd5 Qf7 29. e5 dxe5 30. fxe5 Rad8 31. Qf3 b5 32. Qc3 Kf8 33. e6 b4 34. Qh8+ Qg8 35. Qf6+ 1-0

[Event "Sparkassen-Open J"]
[Site "Heusenstamm, Martinsee"]
[Date "2023.11.26"]
[Round "7.2"]
[White "Gao, Chenzhuo (Jonathan)"]
[Black "Shanawaz Thabrez, Shahzaib"]
[Result "1-0"]
[WhiteElo "1301"]
[BlackElo "1463"]
[PlyCount "71"]
[EventDate "2023.??.??"]
[WhiteTeam "SC Rotenburg"]
[BlackTeam "SK Langen"]

1. c4 c5 2. d3 g6 3. Nf3 Bg7 4. g3 Nf6 5. Nc3 e6 6. Bg2 Nc6 7. Bd2 d5 8. Bf4 d4 9. Nb5 O-O 10. Bd6 Re8 11. Bxc5 a6 12. Nd6 Qa5+ 13. b4 Nxb4 14. Nxe8 Nc2+ 15. Kf1 Nxa1 16. Nxf6+ Bxf6 17. Bxd4 Bxd4 18. Nxd4 Qxa2 19. f4 Bd7 20. Kf2 Qb2 21. Qxa1 Qb6 22. Rb1 Qc7 23. Rxb7 Qc8 24. Rxd7 Qxd7 25. Bxa8 g5 26. e3 gxf4 27. gxf4 e5 28. fxe5 Qh3 29. Qg1+ Kf8 30. Qg3 Qd7 31. Bc6 Qd8 32. Qf4 Kg7 33. Bd5 Qa5 34. Qxf7+ Kh6 35. Qf6+ Kh5 36. Bf3# 1-0

[Event "Sparkassen-Open J"]
[Site "Heusenstamm, Martinsee"]
[Date "2023.11.26"]
[Round "7.3"]
[White "Wolf, Noah"]
[Black "Hasenpflug, Till"]
[Result "0-1"]
[WhiteElo "1567"]
[BlackElo "1350"]
[PlyCount "104"]
[EventDate "2023.??.??"]
[WhiteTeam "Vorw.Orient Mainz"]
[BlackTeam "SK Bad Homburg 1927"]

1. e4 c5 2. c3 d5 3. e5 Nc6 4. d4 Qb6 5. Nf3 Bg4 6. dxc5 Qxc5 7. Be3 Qa5 8. Nbd2 e6 9. Qb3 Qc7 10. Bb5 Nge7 11. Bc5 a6 12. Bxc6+ Qxc6 13. Bd6 Ng6 14. Bxf8 Nxf8 15. O-O Nd7 16. Qa3 Qc5 17. b4 Qc7 18. Rfe1 O-O 19. Rac1 Nb6 20. Nd4 Rfc8 21. Re3 Qd7 22. Rg3 Bh5 23. Qb2 Nc4 24. Nxc4 Rxc4 25. Qd2 Rac8 26. Nc2 Qc7 27. Na3 Rxb4 28. Qg5 Bg6 29. Nc2 Rc4 30. Ne1 h6 31. Qe3 d4 32. Qf3 Rxc3 33. Rxc3 Qxc3 34. Qe2 Qc1 35. h4 d3 36. Rxd3 Bxd3 37. Qxd3 Qxe1+ 38. Kh2 Qxe5+ 39. f4 Qxf4+ 40. g3 Qf2+ 41. Kh3 Qf5+ 42. Qxf5 exf5 43. a4 b5 44. axb5 axb5 45. h5 b4 46. Kh4 Rc4+ 47. Kh3 b3 48. g4 Rxg4 49. Kh2 b2 50. Kh1 b1=Q+ 51. Kh2 Qg1+ 52. Kh3 Qg2# 0-1

[Event "Sparkassen-Open J"]
[Site "Heusenstamm, Martinsee"]
[Date "2023.11.26"]
[Round "7.5"]
[White "Kim, David"]
[Black "Avhopulo, Kirill"]
[Result "0-1"]
[WhiteElo "1240"]
[BlackElo "1411"]
[PlyCount "128"]
[EventDate "2023.??.??"]
[WhiteTeam "SV 1920 Hofheim"]
[BlackTeam "SK Marburg 1931/72"]

1. e4 e5 2. Nc3 Bc5 3. Nf3 Nf6 4. Bc4 Nc6 5. d3 h6 6. O-O d6 7. h3 O-O 8. Be3 Bb6 9. Qd2 Re8 10. Rfe1 Bd7 11. a3 Ne7 12. d4 Ng6 13. dxe5 Nxe5 14. Nxe5 Rxe5 15. f4 Re8 16. Bxb6 axb6 17. Qd4 Bc6 18. Nd5 Bxd5 19. Bxd5 Nxd5 20. Qxd5 c6 21. Qd4 Qc7 22. Re3 Re7 23. Rae1 Rae8 24. Rg3 g6 25. Rb3 b5 26. Rc3 c5 27. Qd5 Qc6 28. Qxc6 bxc6 29. Rce3 d5 30. e5 f6 31. e6 f5 32. g4 Kg7 33. g5 h5 34. h4 Kf8 35. Kf2 Ra7 36. Rc3 c4 37. Rce3 Ke7 38. Re5 Kd6 39. Ke3 Rae7 40. Kd4 c5+ 41. Kc3 Rxe6 42. Rxe6+ Rxe6 43. Rd1 d4+ 44. Kd2 Re3 45. c3 Rd3+ 46. Ke2 Rxd1 47. Kxd1 d3 48. Kd2 Kd5 49. b3 cxb3 50. Kxd3 c4+ 51. Kd2 Ke4 52. a4 bxa4 53. Kc1 a3 54. Kb1 Kd3 55. Kc1 Kxc3 56. Kb1 b2 57. Ka2 Kc2 58. Kxa3 b1=Q 59. Ka4 Qb3+ 60. Ka5 Kd3 61. Ka6 c3 62. Ka5 c2 63. Ka6 c1=R 64. Ka5 Ra1# 0-1

[Event "Sparkassen-Open J"]
[Site "Heusenstamm, Martinsee"]
[Date "2023.11.26"]
[Round "7.6"]
[White "Shanmuganathan, Adhav"]
[Black "Sautner, Sascha"]
[Result "0-1"]
[WhiteElo "1141"]
[BlackElo "1219"]
[PlyCount "134"]
[EventDate "2023.??.??"]
[WhiteTeam "SV 1934 Ffm-Griesheim"]
[BlackTeam "SK 1912 Ludwigshafen"]

1. e4 c6 2. d4 d5 3. exd5 cxd5 4. Bd3 Nc6 5. c3 Nf6 6. Ne2 Bg4 7. f3 Bh5 8. O-O e6 9. Bf4 Bd6 10. Bg5 Qc7 11. h3 Ng8 12. Nd2 Bg6 13. Qc2 Nb4 14. Qa4+ Nc6 15. Bb5 Nge7 16. Nb3 O-O 17. Bxe7 Nxe7 18. Nbc1 a6 19. Bd3 b5 20. Qd1 Nf5 21. a4 Ne3 22. Qd2 Nxf1 23. Kxf1 Rab8 24. axb5 axb5 25. Rb1 b4 26. Bxg6 hxg6 27. Nd3 bxc3 28. Nxc3 Rb7 29. Rc1 Qa5 30. Qc2 Rc7 31. Qb3 Rfc8 32. Re1 Be7 33. Ne5 Bf6 34. f4 Bxe5 35. fxe5 Qa6+ 36. Kg1 Rb7 37. Qc2 Qb6 38. Re2 Qb3 39. Qxb3 Rxb3 40. Na4 Rcb8 41. Kf2 R8b4 42. Nc5 Rxb2 43. Rxb2 Rxb2+ 44. Kf3 Kh7 45. g4 Kh6 46. h4 g5 47. h5 g6 48. hxg6 Kxg6 49. Nd7 Rb3+ 50. Ke2 Rh3 51. Nf6 Rh1 52. Kd3 Rf1 53. Nd7 Rf4 54. Nf6 Rxf6 55. exf6 Kxf6 56. Ke2 e5 57. dxe5+ Kxe5 58. Ke3 f6 59. Kd3 Kf4 60. Ke2 Kxg4 61. Kf2 d4 62. Ke2 f5 63. Kf2 f4 64. Kg2 d3 65. Kf2 f3 66. Kf1 d2 67. Kg1 d1=Q+ 0-1

[Event "Sparkassen-Open J"]
[Site "Heusenstamm, Martinsee"]
[Date "2023.11.26"]
[Round "7.7"]
[White "Milman, Sophie"]
[Black "Noll, Raphael"]
[Result "1-0"]
[WhiteElo "1184"]
[BlackElo "1387"]
[PlyCount "67"]
[EventDate "2023.??.??"]
[WhiteTeam "VSG 1880 Offenbach"]
[BlackTeam "SK Marburg 1931/72"]

1. e4 e5 2. Nf3 Nf6 3. Nc3 Nc6 4. d4 exd4 5. Nxd4 Bb4 6. Nxc6 dxc6 7. Qxd8+ Kxd8 8. Bg5 Bxc3+ 9. bxc3 Be6 10. e5 h6 11. Bxf6+ gxf6 12. exf6 Rg8 13. g3 Rg6 14. Bg2 Rxf6 15. O-O Ke7 16. Rfb1 Bc8 17. Re1+ Kf8 18. Rab1 b6 19. Rbd1 Bf5 20. Be4 Re8 21. Bxf5 Rxe1+ 22. Rxe1 Rxf5 23. Rb1 Ra5 24. Rb2 Ra3 25. c4 Rc3 26. Kg2 Rxc4 27. Kf3 Ke7 28. Ke2 Kd6 29. Kd3 Kd5 30. f4 Rd4+ 31. Ke3 Rd1 32. Ke2 Rh1 33. Kd3 Rxh2 34. c4+ 1-0

[Event "Sparkassen-Open J"]
[Site "Heusenstamm, Martinsee"]
[Date "2023.11.26"]
[Round "7.8"]
[White "Zhang, Hengrui"]
[Black "Lukas, Olivia"]
[Result "1/2-1/2"]
[WhiteElo "1113"]
[BlackElo "1240"]
[PlyCount "110"]
[EventDate "2023.??.??"]
[WhiteTeam "Sfr.Mainz 1928"]
[BlackTeam "SF Deizisau"]

1. e4 e5 2. Nf3 Nc6 3. Bc4 Bc5 4. O-O Nf6 5. c3 O-O 6. d4 exd4 7. cxd4 Bb6 8. Bg5 h6 9. Bh4 d6 10. h3 Re8 11. Re1 Na5 12. b3 c6 13. Nc3 Be6 14. d5 cxd5 15. Bxd5 Rc8 16. Rc1 Bc5 17. Rc2 Bb4 18. Re3 Nc6 19. Qd3 Ne5 20. Nxe5 Bxd5 21. Nxd5 Bc5 22. Nxf6+ gxf6 23. Rf3 dxe5 24. Qxd8 Rexd8 25. Rfc3 b6 26. b4 Bxf2+ 27. Bxf2 Rd1+ 28. Kh2 Rxc3 29. Rxc3 Rd2 30. Bh4 Kg7 31. a3 Rd4 32. Rg3+ Kh7 33. Bxf6 h5 34. Rg5 Rxe4 35. Rxe5 Rxe5 36. Bxe5 b5 37. Kg3 Kg6 38. Kf4 f6 39. Bb2 f5 40. g4 hxg4 41. hxg4 fxg4 42. Kxg4 Kf7 43. Kf5 Ke7 44. Ke5 Kd7 45. Kd5 Kc7 46. Kc5 a6 47. Be5+ Kb7 48. Kd6 Kb6 49. Kd7 Kb7 50. Bd4 a5 51. bxa5 Ka6 52. Bc3 Kb7 53. Kd6 Ka6 54. Kc5 Kb7 55. Kxb5 Ka8 1/2-1/2